Clip Jul - Statistiques

Statistiques générales
  • Ce quiz a été pris 177 fois
  • Le résultat moyen est 6 sur 22
Statistiques - réponses
Par images Réponse % Correct
On M'Appelle l'Ovni
72%
Wesh Alors
49%
La Tête dans les Nuages
44%
Classico Organisé
43%
J'ai Tout Su
42%
Sort le Cross Volé
41%
Ragnar
32%
La Bandite
30%
Coeur Blanc
29%
Pic et Pic Alcool et Drame
25%
Mother Fuck
22%
Superstar
21%
Ca Tourne dans ma Tête
19%
Coup de Genoux
19%
Sur la Moto
19%
Qui a Dit
17%
Sensations
14%
Ténébreux
13%
Ca Sent Bon
10%
C'est le Son de la Gratte
10%
Je Pilote
10%
Allez le Sang
5%
Aucun quiz correspondant
Distribution des résultats
% des personnes avec chaque résultat
Percentile par nombre de réponses
Votre historique - résultats
Vous n’avez pas pris ce quiz